|
|
|
|
| LEADER |
01187nam a2200325 4500 |
| 001 |
DLU090093531 |
| 005 |
##20091201 |
| 040 |
# |
# |
|a DLU
|b eng
|
| 041 |
# |
# |
|a eng
|
| 044 |
# |
# |
|a us
|
| 100 |
# |
# |
|a Utsunomiya, Satoshi.
|
| 245 |
# |
# |
|a Application of high-angle annular dark field scanning transmission electron microscopy, scanning transmission electron microscopy-energy dispersive X-ray spectrometry, energy-filtered transmission electron microscopy to the characterization of nanoparticles in the environment /
|c Satoshi Utsunomiya, Rodney C. Ewing.
|
| 653 |
# |
# |
|a Aerosols
|
| 653 |
# |
# |
|a Energy dispersion
|
| 653 |
# |
# |
|a Heavy metal
|
| 653 |
# |
# |
|a Nanoparticle
|
| 653 |
# |
# |
|a Nanostructure
|
| 653 |
# |
# |
|a Transmission electron microscopy
|
| 653 |
# |
# |
|a X ray spectrometry
|
| 700 |
# |
# |
|a Ewing, Rodney C.
|
| 773 |
# |
# |
|t Environmental Science & Technology
|g Vol. 37, no. 4 (February 2003), p. 786-791
|
| 920 |
# |
# |
|a Phòng Tạp chí -- Trung tâm Thông tin - Thư viện Trường Đại học Đà Lạt
|
| 994 |
# |
# |
|a DLU
|
| 900 |
# |
# |
|a True
|
| 911 |
# |
# |
|a Trương Bảo Trâm Anh
|
| 925 |
# |
# |
|a G
|
| 926 |
# |
# |
|a A
|
| 927 |
# |
# |
|a BB
|
| 980 |
# |
# |
|a Thư viện Trường Đại học Đà Lạt
|